John Barber, the artist, the man / (Record no. 26828)

000 -LEADER
fixed length control field 00948pam a2200277 a 4500
001 - CONTROL NUMBER
control field 3735341
003 - CONTROL NUMBER IDENTIFIER
control field OSt
005 - DATE AND TIME OF LATEST TRANSACTION
control field 20170206144319.0
008 - FIXED-LENGTH DATA ELEMENTS--GENERAL INFORMATION
fixed length control field 811215s1981 ilua b 001 0beng
010 ## - LIBRARY OF CONGRESS CONTROL NUMBER
LC control number 81082250
020 ## - INTERNATIONAL STANDARD BOOK NUMBER
International Standard Book Number 0940114143 :
Terms of availability $25.00
040 ## - CATALOGING SOURCE
Original cataloging agency DLC
Transcribing agency DLC
Modifying agency DLC
050 00 - LIBRARY OF CONGRESS CALL NUMBER
Classification number ND237.B2614
Item number L6
082 00 - DEWEY DECIMAL CLASSIFICATION NUMBER
Classification number 759.13
-- B
Edition number 19
100 1# - MAIN ENTRY--PERSONAL NAME
Personal name Love, Richard H.
245 10 - TITLE STATEMENT
Title John Barber, the artist, the man /
Statement of responsibility, etc. Richard H. Love.
250 ## - EDITION STATEMENT
Edition statement 1st ed.
260 ## - PUBLICATION, DISTRIBUTION, ETC. (IMPRINT)
Place of publication, distribution, etc. Chicago :
Name of publisher, distributor, etc. Haase-Mumm Pub. Co. :
-- Distributed by the Amart Book and Cataloging Distributing Co.,
Date of publication, distribution, etc. c1981.
300 ## - PHYSICAL DESCRIPTION
Extent xv, 189 p. :
Other physical details ill. ;
Dimensions 27 cm.
500 ## - GENERAL NOTE
General note Includes index.
504 ## - BIBLIOGRAPHY, ETC. NOTE
Bibliography, etc Bibliography: p. 177-189.
600 10 - SUBJECT ADDED ENTRY--PERSONAL NAME
Personal name Barber, John,
Dates associated with a name 1893-1965.
650 #0 - SUBJECT ADDED ENTRY--TOPICAL TERM
Topical term or geographic name as entry element Painters
Geographic subdivision United States
Form subdivision Biography.
906 ## - LOCAL DATA ELEMENT F, LDF (RLIN)
a 7
b cbc
c orignew
d 1
e opcn
f 19
g y-gencatlg
942 ## - ADDED ENTRY ELEMENTS (KOHA)
Source of classification or shelving scheme
Koha item type Hard Covered Materials
Classification part ND 237 .B2614L6 1981

No items available.

© Machakos University Library, Along The Highway, Machakos Wote Rd, Machakos, Kenya P.O. Box 136 - 90100 Machakos - Kenya

Tel: ( +254 ) 723 805829 OR Fax : 044-20353 OR Email: library@mksu.ac.ke